=LDR 00000nam 2200000 4500 =001 INLIS000000000014338 =005 20130612105621 =008 ***********************************Ind** =035 ##$$0010-061300000014338 =041 ##$$a Ind =082 ##$$a 616.6 =090 ##$$a 616.6, Pur d =100 ##$$a Purnomo, Basuki B =245 ##$$a Dasar - dasar urologi, Basuki B. Purnomo =260 ##$$a 2003 $b Jakarta =300 ##$$a ix, 260 hlm, Il, 22, 5 =650 ##$$a Urologi =850 ##$$a NBPNMAT =990 ##$$a 00360036 =990 ##$$a 30709210 =990 ##$$a 30501258 =990 ##$$a 30501259 =990 ##$$a 30501260 =990 ##$$a 30501261